000 00571cam a22002053a 4500
001 37948
003 PGUSA
005 20140828083831.0
008 111109s2011||||xxu|||||s|||||000 | eng d
040 _aPGUSA
_beng
042 _adc
100 1 _aBoothby, Guy,
_d1867-1905
245 1 4 _aThe Beautiful White Devil
_h[electronic resource] /
_cGuy Boothby
260 _bProject Gutenberg,
_c2011
506 _aPublic domain in the USA.
516 _aElectronic text
830 0 _aProject Gutenberg
_v37948
856 4 0 _uhttp://www.gutenberg.org/ebooks/37948
942 _cEB
999 _c267202
_d267202